| 000 | 01423nam0a22003971 4500 | ||
|---|---|---|---|
| 001 | v19\rc\1325465 | ||
| 005 | 20260406100949.0 | ||
| 035 | _a(NLR Aleph) 004478416 | ||
| 090 |
_a4594120 _c4594120 |
||
| 100 | _a20060512d1840 u y0rusy50 ca | ||
| 101 | 0 | _arus | |
| 102 | _aRU | ||
| 105 | _ay z ||||| | ||
| 200 | 1 |
_aЗаписки Желябужского с 1682 по 2 июля 1709 _f[Предисл.: Д. Языков] |
|
| 210 |
_aСанкт-Петербург _cтип. Имп. Рос. наук _d1840 |
||
| 215 |
_a[4], IV, 314, [31] с. _d24 |
||
| 300 | _aПредисл.: Д. Языков | ||
| 316 |
_aЭкз. РНБ (18.19.3.42): деф.: отсутствуют с. I-IV _5NLR: 18.19.3.42 |
||
| 700 | 1 |
_aЖелябужский _bИ. А. _f1638-после 1709 _gИван Афанасьевич |
|
| 702 | 1 |
_4080 _7ca _8rus _aЯзыков _bД. И. _cисторик, переводчик _f1773-1845 _gДмитрий Иванович _3RU\NLR\AUTH\770289519 _92695445 |
|
| 801 | 0 |
_aRU _bNLR _gpsbo |
|
| 801 | 0 |
_aRU _bRuMoRGB _2psbo |
|
| 801 | 1 |
_aRU _bProSoft-M _2rusmarc |
|
| 852 |
_aNLR _j18.19.3.42 |
||
| 852 |
_aNLR _j131/1182 |
||
| 852 |
_aNLR _bМф _jК1/5666 |
||
| 899 |
_aRuMoRGB _jB 1/54 |
||
| 899 |
_aRuMoRGB _jM 188/700 |
||
| 899 |
_aRuMoRGB _jM 92/85 |
||
| 899 | _aБАН | ||
| 899 | _aНБ СПбГУ | ||
| 899 | _aГПИБ | ||
| 899 | _aНБ МГУ | ||
| 942 | _cBOOK | ||
| 980 | _aNB | ||